新幹線駅の隣駅 - Statistics

General Stats
  • This quiz has been taken 169 times
  • The average score is 94 of 303
Answer Stats
路線 新幹線駅 路線 % Correct
北海道新幹線 新青森 JR奥羽本線 青森
79%
東北新幹線 東京 JR東北本線 神田
71%
東海道新幹線 東京 JR東海道本線 有楽町
69%
東海道新幹線 熱海 JR東海道本線 湯河原
67%
東海道新幹線 三島 | 熱海 JR東海道本線 函南
67%
東北新幹線 上野 JR東北本線 御徒町
65%
東海道新幹線 品川 JR東海道本線 高輪ゲートウェイ
65%
東海道新幹線 品川 JR山手線 大崎
65%
東海道新幹線 新大阪 JR東海道本線 大阪
65%
東北新幹線 上野 JR東北本線 鶯谷
64%
東北新幹線 那須塩原 JR東北本線 黒磯
62%
東北新幹線 大宮 JR東北本線 さいたま新都心
62%
東北新幹線 東京 JR京葉線 八丁堀
62%
東海道新幹線 三島 JR東海道本線 沼津
61%
東海道新幹線 静岡 JR東海道本線 東静岡
61%
東北新幹線 東京 JR総武本線 新日本橋
60%
東海道新幹線 三河安城 JR東海道本線 安城
60%
東海道新幹線 名古屋 JR中央本線 金山
60%
東北新幹線 仙台 JR仙石線 あおば通
59%
東海道新幹線 品川 JR東海道本線 大井町
59%
東海道新幹線 熱海 JR伊東線 来宮
59%
東海道新幹線 京都 JR東海道本線 山科
59%
東北新幹線 新白河 JR東北本線 白河
57%
東海道新幹線 東京 東京メトロ丸ノ内線 大手町
57%
東海道新幹線 品川 京急本線 北品川
57%
東海道新幹線 小田原 JR東海道本線 鴨宮
57%
東海道新幹線 小田原 JR東海道本線 早川
57%
東北新幹線 那須塩原 JR東北本線 西那須野
56%
東北新幹線 大宮 JR高崎線 宮原
56%
東海道新幹線 品川 京急本線 泉岳寺
56%
東海道新幹線 新横浜 JR横浜線 菊名
56%
東海道新幹線 米原 JR東海道本線 彦根
56%
東北新幹線 小山 JR東北本線 小金井
55%
山陽新幹線 西明石 JR山陽本線 明石
55%
東海道新幹線 東京 東京メトロ丸ノ内線 銀座
54%
東海道新幹線 名古屋 JR東海道本線 尾頭橋
54%
北海道新幹線 新函館北斗 JR函館本線 七飯
53%
東北新幹線 大宮 JR東北本線 土呂
53%
東北新幹線 大宮 JR東北本線(埼京線) 北与野
53%
東北新幹線 大宮 東武野田線 北大宮
53%
東海道新幹線 名古屋 JR東海道本線 枇杷島
53%
東北新幹線 大宮 埼玉新都市交通伊奈線 鉄道博物館
52%
東海道新幹線 新横浜 東急新横浜線 新綱島
52%
東北新幹線 宇都宮 JR東北本線 雀宮
51%
東北新幹線 上野 東京メトロ銀座線 上野広小路
51%
東海道新幹線 新横浜 JR横浜線 小机
51%
東海道新幹線 新横浜 相鉄新横浜線 羽沢横浜国大
51%
東北新幹線 仙台 JR東北本線 長町
50%
東北新幹線 大宮 JR川越線 日進
50%
東北新幹線 宇都宮 JR東北本線 岡本
49%
東海道新幹線 新横浜 横浜市交ブルーライン 北新横浜
49%
東海道新幹線 豊橋 JR東海道本線 二川
48%
山陽新幹線 小倉 JR鹿児島本線 門司
48%
東北新幹線 仙台 JR東北本線 東仙台
47%
東北新幹線 小山 JR東北本線 間々田
47%
東北新幹線 上野 東京メトロ銀座線 稲荷町
47%
東北新幹線 上野 東京メトロ日比谷線 仲御徒町
46%
東海道新幹線 静岡 JR東海道本線 安倍川
46%
東海道新幹線 京都 JR東海道本線 西大路
46%
東海道新幹線 新大阪 JR東海道本線 東淀川
46%
山陽新幹線 新大阪 OsakaMetro御堂筋線 西中島南方
46%
山陽新幹線 博多 JR博多南線 博多南
46%
東海道新幹線 掛川 JR東海道本線 菊川
45%
東海道新幹線 京都 JR山陰本線 梅小路京都西
45%
九州新幹線 新鳥栖 JR長崎本線 鳥栖
45%
東北新幹線 福島 JR東北本線 南福島
44%
東北新幹線 上野 東京メトロ日比谷線 入谷
44%
東海道新幹線 名古屋 JR関西本線 八田
44%
九州新幹線 新八代 JR鹿児島本線 八代
44%
東北新幹線 郡山 JR東北本線 安積永盛
43%
九州新幹線 鹿児島中央 JR鹿児島本線 鹿児島
43%
東北新幹線 福島 JR東北本線 東福島
42%
東海道新幹線 米原 JR東海道本線 醒ケ井
42%
山陽新幹線 新神戸 神戸市交山手線 三宮
42%
山陽新幹線 姫路 JR山陽本線 東姫路
42%
上越新幹線 高崎 JR高崎線 倉賀野
42%
東北新幹線 新青森 JR奥羽本線 津軽新城
41%
東海道新幹線 小田原 小田急線 足柄
41%
東海道新幹線 名古屋 あおなみ線 ささしまライブ
41%
東海道新幹線 京都 近鉄京都線 東寺
41%
上越新幹線 高崎 JR上越線 高崎問屋町
41%
東海道新幹線 浜松 JR東海道本線 天竜川
40%
東海道新幹線 京都 JR奈良線 東福寺
40%
九州新幹線 新水俣 肥薩おれんじ鉄道線 水俣
40%
東北新幹線 小山 JR両毛線 思川
39%
山陽新幹線 新神戸 神戸市交北神線 谷上
39%
山陽新幹線 小倉 JR日豊本線 | JR鹿児島本線 西小倉
39%
上越新幹線 越後湯沢 JR上越線支線 ガーラ湯沢
39%
東海道新幹線 豊橋 JR東海道本線 西小坂井
38%
東海道新幹線 名古屋 名古屋市交東山線 伏見
38%
山陽新幹線 広島 JR山陽本線 新白島
38%
山陽新幹線 博多 JR鹿児島本線 吉塚
38%
山形新幹線 山形 JR奥羽本線 北山形
38%
上越新幹線 熊谷 JR高崎線 籠原
38%
東北新幹線 小山 JR水戸線 小田林
37%
東海道新幹線 掛川 JR東海道本線 愛野
37%
上越新幹線 熊谷 JR高崎線 行田
37%
北陸新幹線 新高岡 JR城端線 高岡
37%
山陽新幹線 新下関 JR山陽本線 幡生
36%
北陸新幹線 敦賀 JR北陸本線 新疋田
36%
東北新幹線 盛岡 JR東北本線 仙北町
35%
東北新幹線 仙台 JR仙山線 東照宮
35%
東海道新幹線 小田原 小田急箱根鉄道線 箱根板橋
35%
東海道新幹線 浜松 JR東海道本線 高塚
35%
東海道新幹線 名古屋 名古屋市交桜通線 太閤通
35%
東海道新幹線 米原 JR北陸本線 坂田
35%
東海道新幹線 京都 京都市交烏丸線 九条
35%
東海道新幹線 新大阪 JRおおさか東線 南吹田
35%
山陽新幹線 西明石 JR山陽本線 大久保
35%
山陽新幹線 福山 JR山陽本線 東福山
35%
北陸新幹線 金沢 IRいしかわ鉄道線 西金沢
35%
東海道新幹線 豊橋 名鉄名古屋本線 伊奈
34%
山陽新幹線 姫路 JR山陽本線 英賀保
34%
山陽新幹線 相生 JR赤穂線 西相生
34%
九州新幹線 熊本 JR鹿児島本線 上熊本
34%
上越新幹線 高崎 JR信越本線 北高崎
34%
東北新幹線 郡山 JR磐越西線 郡山富田
33%
東北新幹線 宇都宮 JR日光線 鶴田
33%
山陽新幹線 三原 JR山陽本線 糸崎
33%
上越新幹線 燕三条 JR弥彦線
33%
北陸新幹線 長野 しなの鉄道北しなの線 北長野
33%
東北新幹線 仙台 JR仙石線 榴ケ岡
32%
東海道新幹線 豊橋 JR飯田線 船町
32%
東海道新幹線 三河安城 JR東海道本線 東刈谷
32%
山陽新幹線 新大阪 OsakaMetro御堂筋線 東三国
32%
山陽新幹線 相生 JR山陽本線 有年
32%
山陽新幹線 岡山 JR山陽本線 西川原
32%
山形新幹線 さくらんぼ東根 | 村山 JR奥羽本線 東根
32%
上越新幹線 長岡 JR信越本線 宮内
32%
北陸新幹線 金沢 IRいしかわ鉄道線 東金沢
32%
北陸新幹線 福井 ハピラインふくい線 越前花堂
32%
東北新幹線 二戸 IGRいわて銀河鉄道線 一戸
31%
東北新幹線 新白河 JR東北本線 白坂
31%
東海道新幹線 三島 伊豆箱根鉄道駿豆線 三島広小路
31%
東海道新幹線 名古屋 名古屋市交桜通線 国際センター
31%
東海道新幹線 京都 京都市交烏丸線 五条
31%
西九州新幹線 長崎 JR長崎本線 浦上
30%
北陸新幹線 加賀温泉 IRいしかわ鉄道線 大聖寺
30%
東北新幹線 盛岡 JR山田線 上盛岡
29%
東北新幹線 一ノ関 JR東北本線 山ノ目
29%
東北新幹線 一ノ関 JR東北本線 有壁
29%
東海道新幹線 新横浜 横浜市交ブルーライン 岸根公園
29%
東海道新幹線 掛川 天竜浜名湖鉄道線 掛川市役所前
29%
山陽新幹線 相生 JR山陽本線 竜野
29%
山陽新幹線 厚狭 JR山陽本線 小野田
29%
山形新幹線 高畠 JR奥羽本線 赤湯
29%
上越新幹線 新潟 JR越後線 上所
29%
北陸新幹線 富山 JR高山本線 西富山
29%
北陸新幹線 敦賀 ハピラインふくい線 南今庄
29%
北陸新幹線 敦賀 JR小浜線 西敦賀
29%
東海道新幹線 名古屋 名古屋市交東山線 亀島
28%
山形新幹線 赤湯 JR奥羽本線 高畠
28%
上越新幹線 新潟 JR白新線 東新潟
28%
東北新幹線 盛岡 JR田沢湖線 前潟
27%
北陸新幹線 長野 JR信越本線 安茂里
27%
東北新幹線 盛岡 IGRいわて銀河鉄道線 青山
26%
東北新幹線 北上 JR東北本線 村崎野
26%
東北新幹線 郡山 JR東北本線 日和田
26%
山陽新幹線 岡山 JR津山線 法界院
26%
山陽新幹線 徳山 JR山陽本線 櫛ケ浜
26%
山陽新幹線 博多 JR鹿児島本線 竹下
26%
九州新幹線 博多 福岡市交空港線 東比恵
26%
九州新幹線 筑後船小屋 JR鹿児島本線 羽犬塚
26%
九州新幹線 熊本 JR鹿児島本線 西熊本
26%
上越新幹線 越後湯沢 JR上越線 石打
26%
北陸新幹線 軽井沢 しなの鉄道しなの線 中軽井沢
26%
北陸新幹線 長野 長野電鉄長野線 市役所前
26%
北海道新幹線 新函館北斗 JR函館本線 仁山
25%
東北新幹線 仙台 仙台市交東西線 青葉通一番町
25%
山陽新幹線 広島 JR山陽本線 天神川
25%
上越新幹線 長岡 JR信越本線 北長岡
25%
山陽新幹線 岡山 JR宇野線 大元
24%
秋田新幹線 田沢湖 JR田沢湖線 赤渕
24%
山形新幹線 かみのやま温泉 JR奥羽本線 茂吉記念館前
24%
上越新幹線 越後湯沢 JR上越線 岩原スキー場前
24%
北陸新幹線 上田 しなの鉄道しなの線 西上田
24%
東北新幹線 北上 JR東北本線 六原
23%
東北新幹線 仙台 仙台市交東西線 宮城野通
23%
東北新幹線 福島 JR奥羽本線 笹木野
23%
東海道新幹線 小田原 伊豆箱根鉄道大雄山線 緑町
23%
山陽新幹線 姫路 JR播但線 京口
23%
山陽新幹線 岡山 JR山陽本線 北長瀬
23%
山陽新幹線 徳山 JR山陽本線 新南陽
23%
山形新幹線 新庄 JR陸羽東線 南新庄
23%
北陸新幹線 富山 あいの風とやま鉄道線 新富山口
23%
北海道新幹線 木古内 道南いさりび鉄道線 札苅
22%
東北新幹線 いわて沼宮内 IGRいわて銀河鉄道線 岩手川口
22%
東北新幹線 新花巻 JR釜石線 似内
22%
山陽新幹線 新倉敷 JR山陽本線 西阿知
22%
山陽新幹線 新倉敷 JR山陽本線 金光
22%
九州新幹線 博多 福岡市交空港線 祇園
22%
九州新幹線 博多 福岡市交七隈線 櫛田神社前
22%
秋田新幹線 雫石 JR田沢湖線 小岩井
22%
上越新幹線 熊谷 秩父鉄道秩父本線 上熊谷
22%
北陸新幹線 芦原温泉 ハピラインふくい線 丸岡
22%
北陸新幹線 福井 えちぜん鉄道勝山永平寺線 新福井
22%
東北新幹線 八戸 JR八戸線 長苗代
21%
東北新幹線 仙台 仙台市交南北線 広瀬通
21%
山陽新幹線 福山 JR山陽本線 備後赤坂
21%
秋田新幹線 秋田 JR奥羽本線 四ツ小屋
21%
秋田新幹線 秋田 JR奥羽本線 泉外旭川
21%
東北新幹線 福島 阿武隈急行線 卸町
20%
東北新幹線 郡山 JR磐越東線 舞木
20%
山陽新幹線 三原 JR山陽本線 本郷
20%
九州新幹線 久留米 JR久大本線 久留米高校前
20%
秋田新幹線 秋田 JR羽越本線 羽後牛島
20%
山形新幹線 米沢 | 高畠 JR奥羽本線 置賜
20%
山形新幹線 米沢 JR米坂線 南米沢
20%
山形新幹線 山形 JR奥羽本線 蔵王
20%
山形新幹線 大石田 JR奥羽本線 北大石田
20%
北陸新幹線 飯山 JR飯山線 北飯山
20%
北陸新幹線 糸魚川 JR大糸線 姫川
20%
東北新幹線 仙台 仙台市交南北線 五橋
19%
山陽新幹線 新下関 JR山陽本線 長府
19%
九州新幹線 熊本 JR豊肥本線 平成
19%
上越新幹線 高崎 上信電鉄線 南高崎
19%
上越新幹線 燕三条 JR弥彦線 北三条
19%
北陸新幹線 上越妙高 トキ鉄妙高はねうまライン 南高田
19%
北陸新幹線 糸魚川 トキ鉄日本海ひすいライン えちご押上ひすい海岸
19%
北陸新幹線 富山 あいの風とやま鉄道線 呉羽
19%
北陸新幹線 福井 ハピラインふくい線 森田
19%
東北新幹線 八戸 青い森鉄道線 陸奥市川
18%
東北新幹線 北上 JR北上線 柳原
18%
東北新幹線 古川 JR陸羽東線 陸前谷地
18%
東北新幹線 福島 福島交通飯坂線 曽根田
18%
山陽新幹線 広島 JR芸備線 矢賀
18%
山陽新幹線 新山口 JR山陽本線 四辻
18%
九州新幹線 久留米 JR鹿児島本線 荒木
18%
九州新幹線 鹿児島中央 JR指宿枕崎線 郡元
18%
山形新幹線 天童 JR奥羽本線 天童南
18%
上越新幹線 新潟 JR信越本線 越後石山
18%
北陸新幹線 加賀温泉 IRいしかわ鉄道線 動橋
18%
山陽新幹線 姫路 JR姫新線 播磨高岡
17%
山陽新幹線 小倉 北九州モノレール 平和通
17%
九州新幹線 久留米 JR鹿児島本線 肥前旭
17%
九州新幹線 川内 JR鹿児島本線 隈之城
17%
西九州新幹線 武雄温泉 JR佐世保線 高橋
17%
西九州新幹線 諫早 JR長崎本線 西諫早
17%
山形新幹線 米沢 JR奥羽本線 関根
17%
北陸新幹線 佐久平 JR小海線 岩村田
17%
北陸新幹線 上越妙高 トキ鉄妙高はねうまライン 北新井
17%
北陸新幹線 芦原温泉 ハピラインふくい線 細呂木
17%
秋田新幹線 大曲 JR田沢湖線 北大曲
16%
秋田新幹線 大曲 JR奥羽本線 神宮寺
16%
上越新幹線 浦佐 JR上越線 五日町
16%
東北新幹線 八戸 青い森鉄道線 北高岩
15%
山陽新幹線 新山口 JR山陽本線 嘉川
15%
九州新幹線 新鳥栖 JR長崎本線 肥前麓
15%
西九州新幹線 新大村 JR大村線 竹松
15%
山形新幹線 新庄 JR奥羽本線 舟形
15%
上越新幹線 熊谷 秩父鉄道秩父本線 ソシオ流通センター
15%
北陸新幹線 糸魚川 トキ鉄日本海ひすいライン 青海
15%
北陸新幹線 小松 IRいしかわ鉄道線 粟津
15%
東北新幹線 二戸 IGRいわて銀河鉄道線 斗米
14%
東北新幹線 いわて沼宮内 IGRいわて銀河鉄道線 御堂
14%
東海道新幹線 米原 近江鉄道本線 フジテック前
14%
山陽新幹線 厚狭 JR山陽本線 埴生
14%
九州新幹線 筑後船小屋 JR鹿児島本線 瀬高
14%
西九州新幹線 諫早 JR長崎本線 東諫早
14%
西九州新幹線 諫早 島原鉄道線 本諫早
14%
上越新幹線 浦佐 JR上越線 八色
14%
北陸新幹線 上田 しなの鉄道しなの線 信濃国分寺
14%
北陸新幹線 小松 IRいしかわ鉄道線 明峰
14%
東北新幹線 新花巻 JR釜石線 小山田
13%
山陽新幹線 岡山 JR吉備線 備前三門
13%
九州新幹線 川内 肥薩おれんじ鉄道線 上川内
13%
西九州新幹線 新大村 JR大村線 諏訪
13%
秋田新幹線 雫石 JR田沢湖線 春木場
13%
山形新幹線 赤湯 JR奥羽本線 中川
13%
山形新幹線 大石田 | 村山 JR奥羽本線 袖崎
13%
北陸新幹線 上田 上田電鉄別所線 城下
13%
秋田新幹線 田沢湖 JR田沢湖線 刺巻
12%
東北新幹線 一ノ関 JR大船渡線 真滝
11%
東北新幹線 古川 JR陸羽東線 塚目
11%
山陽新幹線 福山 JR福塩線 備後本庄
11%
山陽新幹線 厚狭 JR美祢線 湯ノ峠
11%
九州新幹線 新八代 JR鹿児島本線 千丁
11%
九州新幹線 出水 肥薩おれんじ鉄道線 西出水
11%
九州新幹線 鹿児島中央 JR鹿児島本線 広木
11%
秋田新幹線 角館 JR田沢湖線 生田
11%
秋田新幹線 大曲 JR奥羽本線 飯詰
11%
山形新幹線 かみのやま温泉 JR奥羽本線 羽前中山
11%
山形新幹線 新庄 JR奥羽本線 泉田
11%
北陸新幹線 佐久平 JR小海線 中佐都
11%
北陸新幹線 飯山 JR飯山線
11%
北陸新幹線 新高岡 JR城端線 二塚
11%
山陽新幹線 新山口 JR山口線 周防下郷
10%
山陽新幹線 新山口 JR宇部線 上嘉川
10%
九州新幹線 新水俣 肥薩おれんじ鉄道線 津奈木
10%
九州新幹線 出水 肥薩おれんじ鉄道線 米ノ津
10%
西九州新幹線 諫早 JR大村線 岩松
10%
秋田新幹線 角館 秋田内陸縦貫鉄道線 羽後太田
10%
山形新幹線 天童 JR奥羽本線 乱川
10%
山形新幹線 さくらんぼ東根 JR奥羽本線 神町
10%
山形新幹線 新庄 JR陸羽西線 升形
10%
山陽新幹線 三原 JR呉線 須波
9%
西九州新幹線 武雄温泉 JR佐世保線 永尾
8%
秋田新幹線 角館 JR田沢湖線 鶯野
8%
No matching quizzes found
Score Distribution
Percent of People with Each Score
Percentile by Number Answered
Your Score History
You have not taken this quiz